[Event "St-Jean CC-ch 2003-04"]
[Site "St-Jean-sur-Richelieu CAN"]
[Date "2004.04.04"]
[Round "6"]
[White "Robichaud, Jocelyn"]
[Black "Royer, Christian"]
[Result "1-0"]
[WhiteElo "1430"]
[BlackElo "1189"]
[PlyCount "49"]
[EventDate "2003.11.26"]
[EventType "swiss"]
[EventRounds "6"]
[EventCountry "CAN"]

1. e4 d6 2. d4 Nf6 3. Nc3 g6 4. Bg5 Bg7 5. Qd2 O-O 6. O-O-O Re8 7. h4 Nbd7 8.
f3 e5 9. d5 b6 10. Bb5 a5 11. h5 Ba6 12. Bc6 Rb8 13. hxg6 fxg6 14. Nge2 Bb7 15.
Bb5 Qc8 16. Rh2 Rf8 17. Rdh1 Ba6 18. Bxd7 Qxd7 19. Bxf6 h5 20. Bxg7 Qxg7 21.
Ng1 Bc8 22. Nh3 Bxh3 23. Rxh3 g5 24. Rxh5 g4 25. Rg5 1-0

[Event "Summer Swiss"]
[Site "Edmonton CAN"]
[Date "2003.07.03"]
[Round "1"]
[White "Hughey, Micah"]
[Black "Pua, Richard"]
[Result "1-0"]
[WhiteElo "2139"]
[BlackElo "1635"]
[PlyCount "49"]
[EventDate "2003.07.03"]
[EventType "swiss"]
[EventRounds "5"]
[EventCountry "CAN"]
[SourceDate "2003.08.17"]

1. Nf3 d5 2. c4 d4 3. e3 c5 4. exd4 cxd4 5. d3 Nc6 6. g3 e5 7. Bg2 g6 8. O-O
Bg7 9. Re1 Nge7 10. a3 a5 11. Nbd2 O-O 12. Rb1 a4 13. b4 axb3 14. Qxb3 Qc7 15.
Ne4 Rb8 16. a4 Nf5 17. Ba3 Rd8 18. Bc5 b5 19. axb5 Na5 20. Qa3 Nb7 21. Bb4 Bf8
22. b6 Qc6 23. Nxe5 Bxb4 24. Nxc6 Bxa3 25. Nxb8 1-0

[Event "Summer Swiss"]
[Site "Edmonton CAN"]
[Date "2003.07.03"]
[Round "1"]
[White "Karmali, Hafiz"]
[Black "Schech, Roland"]
[Result "1-0"]
[WhiteElo "2017"]
[BlackElo "1552"]
[PlyCount "71"]
[EventDate "2003.07.03"]
[EventType "swiss"]
[EventRounds "5"]
[EventCountry "CAN"]
[SourceDate "2003.08.17"]

1. e4 e6 2. d4 d5 3. Nd2 Nf6 4. e5 Nfd7 5. Bd3 c5 6. c3 Nc6 7. Ne2 b6 8. O-O
Bb7 9. Nf3 h6 10. Re1 c4 11. Bb1 Qc7 12. Nf4 O-O-O 13. b4 g5 14. Nh5 Re8 15. a4
Ncb8 16. b5 a6 17. bxa6 Bxa6 18. Re2 Be7 19. Ba3 Nc6 20. Rb2 Reg8 21. Ne1 f5
22. Nc2 g4 23. Nb4 Nxb4 24. Bxb4 Bxb4 25. cxb4 Bb7 26. Qe1 Nf8 27. Nf6 Rg6 28.
b5 Nh7 29. Nxh7 Rxh7 30. a5 Rhg7 31. Qb4 Kb8 32. Rba2 bxa5 33. Rxa5 Qb6 34.
Qf8+ Kc7 35. Ra8 Rd7 36. Qb8# 1-0

[Event "Summer Swiss"]
[Site "Edmonton CAN"]
[Date "2003.07.03"]
[Round "1"]
[White "McLaughlin, Robert"]
[Black "Wihnon, Jason"]
[Result "0-1"]
[WhiteElo "1377"]
[BlackElo "1811"]
[PlyCount "66"]
[EventDate "2003.07.03"]
[EventType "swiss"]
[EventRounds "5"]
[EventCountry "CAN"]
[SourceDate "2003.08.17"]

1. e4 c5 2. Nc3 Nc6 3. f4 e6 4. Nf3 Nge7 5. Bb5 g6 6. O-O Bg7 7. Ne2 Nd4 8.
Nexd4 cxd4 9. Kh1 a6 10. Ba4 b5 11. Bb3 Bb7 12. Qe2 Rc8 13. a3 Qc7 14. d3 O-O
15. Qf2 Nc6 16. Qh4 Na5 17. Bd2 Nxb3 18. cxb3 Qc2 19. Bb4 Rfe8 20. Rf2 Qxd3 21.
Ng5 h5 22. f5 exf5 23. exf5 Qe3 24. Rff1 Bf6 25. fxg6 fxg6 26. Qf4 Bxg5 27.
Qf7+ Kh8 28. Qxg6 Bxg2+ 29. Kxg2 Qe2+ 30. Rf2 Qg4+ 31. Kf1 Qh3+ 32. Rg2 Qf3+
33. Rf2 Qh1# 0-1

[Event "Summer Swiss"]
[Site "Edmonton CAN"]
[Date "2003.07.10"]
[Round "2"]
[White "Beebe, Greg"]
[Black "Karmali, Hafiz"]
[Result "0-1"]
[WhiteElo "1752"]
[BlackElo "2017"]
[PlyCount "67"]
[EventDate "2003.07.03"]
[EventType "swiss"]
[EventRounds "5"]
[EventCountry "CAN"]
[SourceDate "2003.08.17"]

1. c4 c6 2. Nc3 d5 3. cxd5 cxd5 4. d4 Nf6 5. Nf3 g6 6. g3 Bg7 7. Bg2 O-O 8. O-O
Nc6 9. Bf4 Nh5 10. Be3 h6 11. Qd2 Kh7 12. a3 Na5 13. Qc2 Bf5 14. Qa4 Nf6 15.
Nd2 Rc8 16. Rac1 a6 17. b4 Nc4 18. Nxc4 Rxc4 19. Qb3 b5 20. a4 Qd7 21. axb5
axb5 22. f3 Rfc8 23. g4 Be6 24. Bf2 Ne8 25. e3 Nd6 26. Rfd1 f5 27. h3 fxg4 28.
hxg4 Bxg4 29. fxg4 Qxg4 30. Qb2 Rxc3 31. Rxc3 Qxd1+ 32. Kh2 Rxc3 33. Qxc3 Nc4
34. Bxd5 0-1

[Event "Summer Swiss"]
[Site "Edmonton CAN"]
[Date "2003.07.10"]
[Round "2"]
[White "Boik, Andrew"]
[Black "Hughey, Micah"]
[Result "1/2-1/2"]
[WhiteElo "1818"]
[BlackElo "2139"]
[PlyCount "89"]
[EventDate "2003.07.03"]
[EventType "swiss"]
[EventRounds "5"]
[EventCountry "CAN"]
[SourceDate "2003.08.17"]

1. e4 e5 2. Nf3 Nc6 3. Bb5 a6 4. Ba4 Nf6 5. d4 exd4 6. O-O Be7 7. e5 Ne4 8.
Nxd4 O-O 9. Nf5 d6 10. Bxc6 bxc6 11. Nxe7+ Qxe7 12. Re1 Bf5 13. f3 Nc5 14. b3
Rad8 15. Qe2 Rfe8 16. Qf2 Nd7 17. Ba3 Nxe5 18. Nd2 Qf6 19. Bb2 Qg6 20. Bxe5
Rxe5 21. Rxe5 dxe5 22. Nc4 Bxc2 23. Nxe5 Qd6 24. Re1 Bf5 25. g4 Bc8 26. Nc4 Qb4
27. Qh4 f6 28. Re2 a5 29. Qh5 Ba6 30. Re8+ Rxe8 31. Qxe8+ Qf8 32. Qxf8+ Kxf8
33. Nxa5 c5 34. Kf2 Ke7 35. Ke3 Ke6 36. Ke4 g5 37. f4 Be2 38. Nb7 Bxg4 39. fxg5
fxg5 40. Nxc5+ Kd6 41. Nd3 Be6 42. Ne5 Kc5 43. Nd3+ Kd6 44. Ne5 Kc5 45. Nd3+
1/2-1/2

[Event "Summer Swiss"]
[Site "Edmonton CAN"]
[Date "2003.07.10"]
[Round "2"]
[White "Fokkema, Jerred"]
[Black "White, Daniel"]
[Result "0-1"]
[WhiteElo "1335"]
[BlackElo "1413"]
[PlyCount "58"]
[EventDate "2003.07.03"]
[EventType "swiss"]
[EventRounds "5"]
[EventCountry "CAN"]
[SourceDate "2003.08.17"]

1. e4 g6 2. d4 Bg7 3. Nf3 d6 4. Nc3 c6 5. Bc4 b5 6. Bb3 h6 7. Bd2 Bb7 8. O-O e5
9. dxe5 dxe5 10. Be3 Qxd1 11. Raxd1 Ba6 12. Rfe1 Nf6 13. Bc5 Nbd7 14. Bb4 c5
15. Bxc5 Nxc5 16. Nxe5 Nxb3 17. axb3 Rc8 18. Rd6 b4 19. Rxa6 bxc3 20. Rxa7 O-O
21. bxc3 Rxc3 22. Rd1 Rxc2 23. h3 Rb2 24. Nxf7 Rxf7 25. Rd8+ Bf8 26. Rxf7 Kxf7
27. e5 Nh7 28. Rd7+ Kg8 29. e6 Re2 0-1

[Event "Summer Swiss"]
[Site "Edmonton CAN"]
[Date "2003.07.10"]
[Round "2"]
[White "Veneracion, Paolo"]
[Black "Wihnon, Jason"]
[Result "1-0"]
[WhiteElo "2092"]
[BlackElo "1824"]
[PlyCount "69"]
[EventDate "2003.07.03"]
[EventType "swiss"]
[EventRounds "5"]
[EventCountry "CAN"]
[SourceDate "2003.08.17"]

1. e4 c5 2. Nf3 Nc6 3. d4 cxd4 4. Nxd4 g6 5. Nc3 Bg7 6. Be3 Nf6 7. Bc4 O-O 8.
O-O Qb6 9. Ndb5 Qd8 10. Bf4 d6 11. a4 a6 12. Na3 Qb6 13. Rb1 Nb4 14. Be3 Qd8
15. f3 Nc6 16. Qd2 Ne5 17. Ba2 Be6 18. Nd5 Nxd5 19. exd5 Bd7 20. a5 Rc8 21. f4
Ng4 22. Bb6 Qe8 23. Rfe1 Bb5 24. c4 Bd7 25. Re2 Bf5 26. Rbe1 e6 27. h3 Nh6 28.
g4 Bxg4 29. hxg4 Nxg4 30. dxe6 fxe6 31. Rxe6 Qc6 32. c5 Kh8 33. Bd5 Qa4 34.
R6e4 Qd7 35. Be6 1-0

[Event "Summer Swiss"]
[Site "Edmonton CAN"]
[Date "2003.07.17"]
[Round "3"]
[White "Karmali, Hafiz"]
[Black "Stark, Mark"]
[Result "1/2-1/2"]
[WhiteElo "2017"]
[BlackElo "1826"]
[PlyCount "81"]
[EventDate "2003.07.03"]
[EventType "swiss"]
[EventRounds "5"]
[EventCountry "CAN"]
[SourceDate "2003.08.17"]

1. e4 e6 2. d4 d5 3. Nd2 Be7 4. Bd3 Nf6 5. e5 Nfd7 6. Ne2 c5 7. c3 Nc6 8. O-O
cxd4 9. cxd4 O-O 10. Nb3 f5 11. g4 fxg4 12. Nf4 Ndxe5 13. dxe5 Nxe5 14. Be2
Nf3+ 15. Bxf3 gxf3 16. Qxf3 Bd6 17. Kh1 Bxf4 18. Bxf4 Qf6 19. Rac1 Qxf4 20.
Qxf4 Rxf4 21. Rc7 Rf7 22. Rfc1 Rxc7 23. Rxc7 Kf8 24. Nd4 e5 25. Nb5 Bh3 26. Nd6
b6 27. Rf7+ Kg8 28. Rf3 Be6 29. Re3 e4 30. f3 Rd8 31. Nb5 Bf5 32. Nd4 Bg6 33.
Kg2 exf3+ 34. Kxf3 Rf8+ 35. Kg3 Be4 36. Rc3 h6 37. Ne6 Rf7 38. Rc8+ Kh7 39.
Nf8+ Kg8 40. Ne6+ Kh7 41. Nf8+ 1/2-1/2

[Event "Summer Swiss"]
[Site "Edmonton CAN"]
[Date "2003.07.17"]
[Round "3"]
[White "Rekhson, Vladislav"]
[Black "Boik, Andrew"]
[Result "1-0"]
[WhiteElo "1883"]
[BlackElo "1818"]
[PlyCount "67"]
[EventDate "2003.07.03"]
[EventType "swiss"]
[EventRounds "5"]
[EventCountry "CAN"]
[SourceDate "2003.08.17"]

1. e4 d5 2. exd5 Nf6 3. d4 Bg4 4. Nf3 Nxd5 5. Be2 e6 6. O-O Be7 7. c4 Nb6 8.
Be3 Bf6 9. Nc3 O-O 10. Ne4 N8d7 11. Nxf6+ Qxf6 12. b3 Rfe8 13. Rc1 e5 14. Nxe5
Bxe2 15. Nxd7 Qe7 16. Qxe2 Nxd7 17. Qf3 c6 18. h3 Qa3 19. Rc2 Nf6 20. Bc1 Qd6
21. Bb2 Re6 22. Re2 Rxe2 23. Qxe2 Re8 24. Qd1 Qe7 25. d5 Rd8 26. Re1 Qd6 27.
Qe2 cxd5 28. Bxf6 gxf6 29. cxd5 Qxd5 30. Qe7 Qd2 31. Re3 Qd1+ 32. Kh2 Qd6+ 33.
Rg3+ Kh8 34. Qxf7 1-0

[Event "Summer Swiss"]
[Site "Edmonton CAN"]
[Date "2003.07.17"]
[Round "3"]
[White "White, Daniel"]
[Black "Hughey, Micah"]
[Result "0-1"]
[WhiteElo "1413"]
[BlackElo "2139"]
[PlyCount "80"]
[EventDate "2003.07.03"]
[EventType "swiss"]
[EventRounds "5"]
[EventCountry "CAN"]
[SourceDate "2003.08.17"]

1. Nf3 d5 2. g3 Bg4 3. Bg2 Nd7 4. d3 e5 5. Nbd2 Ngf6 6. c4 c6 7. a3 a5 8. Qc2
Bd6 9. O-O O-O 10. Re1 Re8 11. e4 d4 12. h3 Be6 13. Ng5 Nc5 14. Nxe6 fxe6 15.
Nb3 a4 16. Nxc5 Bxc5 17. b4 axb3 18. Qxb3 Qb6 19. Qxb6 Bxb6 20. Rb1 Ba5 21. Re2
b6 22. Bd2 Nd7 23. Bxa5 Rxa5 24. Rb3 Rea8 25. Ra2 R8a6 26. Bf3 Nc5 27. Rb1 Nxd3
28. Bg4 Kf7 29. Be2 Nc5 30. Rab2 Na4 31. c5 Nxb2 32. Bxa6 Rxa6 33. Rxb2 bxc5
34. Rb7+ Kf6 35. Rb8 Rxa3 36. Rf8+ Ke7 37. Rg8 Kf7 38. Rc8 d3 39. Rxc6 Ra1+ 40.
Kg2 d2 0-1

[Event "Summer Swiss"]
[Site "Edmonton CAN"]
[Date "2003.07.17"]
[Round "3"]
[White "Wihnon, Jason"]
[Black "MacNab, John"]
[Result "1/2-1/2"]
[WhiteElo "1823"]
[BlackElo "1681"]
[PlyCount "74"]
[EventDate "2003.07.03"]
[EventType "swiss"]
[EventRounds "5"]
[EventCountry "CAN"]
[SourceDate "2003.08.17"]

1. e4 e6 2. d3 c5 3. Nf3 d6 4. g3 Nf6 5. Bg2 Be7 6. O-O O-O 7. Nbd2 Bd7 8. Re1
Qc7 9. e5 Nd5 10. exd6 Bxd6 11. Nc4 Nc6 12. Nxd6 Qxd6 13. Ng5 Nf6 14. Ne4 Nxe4
15. Bxe4 f5 16. Bg2 Rab8 17. c3 e5 18. f4 Rbe8 19. fxe5 Rxe5 20. Rxe5 Qxe5 21.
Bf4 Qf6 22. Qb3+ Kh8 23. Qxb7 Qe6 24. Qb3 Qe2 25. Bf1 Qe8 26. Qd5 Rf7 27. Qxc5
Re7 28. d4 a5 29. Bg5 Re4 30. Bd3 Rg4 31. Bd2 f4 32. Re1 Qb8 33. Bxf4 Qxf4 34.
Rf1 Rxg3+ 35. hxg3 Qxg3+ 36. Kh1 Qh3+ 37. Kg1 Qg3+ 1/2-1/2

[Event "Summer Swiss"]
[Site "Edmonton CAN"]
[Date "2003.07.24"]
[Round "4"]
[White "Boik, Andrew"]
[Black "Asquith, Tom"]
[Result "0-1"]
[WhiteElo "1818"]
[BlackElo "1606"]
[PlyCount "64"]
[EventDate "2003.07.03"]
[EventType "swiss"]
[EventRounds "5"]
[EventCountry "CAN"]
[SourceDate "2003.08.17"]

1. e4 d6 2. d4 g6 3. Nc3 Bg7 4. Bc4 c6 5. a4 Nf6 6. Nf3 a5 7. Bg5 h6 8. Bh4 g5
9. Bg3 Na6 10. e5 Nh5 11. exd6 Nxg3 12. d7+ Qxd7 13. fxg3 Nb4 14. O-O O-O 15.
Ne2 Qd6 16. c3 Nd5 17. Qd3 Qe6 18. Bxd5 cxd5 19. Rae1 Qd6 20. Nc1 b6 21. Ne5
Ba6 22. c4 Bxc4 23. Nxc4 dxc4 24. Qxc4 Bxd4+ 25. Kh1 Bxb2 26. Nd3 Bf6 27. h4
Qxg3 28. hxg5 hxg5 29. Nf4 Qh4+ 30. Kg1 gxf4 31. Rxf4 Qxe1+ 32. Kh2 Be5 0-1

[Event "Summer Swiss"]
[Site "Edmonton CAN"]
[Date "2003.07.24"]
[Round "4"]
[White "Culjaga, Nikolai"]
[Black "Karmali, Hafiz"]
[Result "0-1"]
[WhiteElo "1846"]
[BlackElo "2017"]
[PlyCount "100"]
[EventDate "2003.07.03"]
[EventType "swiss"]
[EventRounds "5"]
[EventCountry "CAN"]
[SourceDate "2003.08.17"]

1. e4 c5 2. Nf3 e6 3. d4 cxd4 4. Nxd4 Nf6 5. Nd2 Nc6 6. c3 d5 7. Bb5 Bd7 8.
Bxc6 Bxc6 9. e5 Nd7 10. f4 Qh4+ 11. g3 Qh3 12. Qe2 Be7 13. b4 Ba4 14. N2b3 Rc8
15. Bd2 O-O 16. Nf3 Rc4 17. Nbd4 Rfc8 18. Ng1 Qh6 19. Ngf3 Rxc3 20. Bxc3 Rxc3
21. a3 Nb6 22. Qd2 Rc8 23. O-O Nc4 24. Qe2 g6 25. Nd2 Qf8 26. Rfc1 b5 27. N2b3
Qd8 28. Rc3 Qb6 29. Kh1 Ra8 30. Ra2 Kg7 31. Qd3 Bxb3 32. Nxb3 Nxa3 33. Rxa3
Bxb4 34. Nd4 Bxa3 35. Rxa3 b4 36. Ra6 Qc5 37. Rc6 Qe7 38. Qa6 Rb8 39. Qa4 Qb7
40. Rc2 Qb6 41. Nc6 b3 42. Rb2 Rc8 43. Na5 Rc1+ 44. Kg2 Qg1+ 45. Kh3 Qf1+ 46.
Kh4 Qd1 47. Kh3 Rc2 48. Rxc2 bxc2 49. f5 gxf5 50. Qf4 c1=Q 0-1

[Event "Summer Swiss"]
[Site "Edmonton CAN"]
[Date "2003.07.24"]
[Round "4"]
[White "Ludwig, David"]
[Black "White, Daniel"]
[Result "1/2-1/2"]
[WhiteElo "1702"]
[BlackElo "1413"]
[PlyCount "80"]
[EventDate "2003.07.03"]
[EventType "swiss"]
[EventRounds "5"]
[EventCountry "CAN"]
[SourceDate "2003.08.17"]

1. c4 g6 2. Nc3 Bg7 3. g3 c6 4. e4 d6 5. d4 Nd7 6. Bg2 e5 7. d5 Qb6 8. Nge2
Ngf6 9. dxc6 Qxc6 10. Nb5 Bf8 11. b3 a6 12. Nbc3 Nc5 13. f3 Be6 14. Nd5 Bxd5
15. exd5 Qb6 16. Bb2 Be7 17. Qd2 a5 18. f4 Nce4 19. Bxe4 Nxe4 20. Qc2 Qf2+ 21.
Kd1 Qf3 22. Re1 Nf2+ 23. Kd2 Ne4+ 24. Kd1 Qe3 25. Rf1 Nf2+ 26. Rxf2 Qxf2 27.
fxe5 Qf1+ 28. Kd2 Bg5+ 29. Kc3 Qf3+ 30. Qd3 Qxd3+ 31. Kxd3 dxe5 32. Bxe5 O-O
33. Nc3 Rfe8 34. Bd4 f5 35. Nb5 Rad8 36. Bb6 Rd7 37. Bxa5 Re3+ 38. Kd4 Re4+ 39.
Kd3 Re3+ 40. Kd4 Re4+ 1/2-1/2

[Event "Summer Swiss"]
[Site "Edmonton CAN"]
[Date "2003.07.24"]
[Round "4"]
[White "Wihnon, Jason"]
[Black "Schech, Roland"]
[Result "1-0"]
[WhiteElo "1824"]
[BlackElo "1508"]
[PlyCount "83"]
[EventDate "2003.07.03"]
[EventType "swiss"]
[EventRounds "5"]
[EventCountry "CAN"]
[SourceDate "2003.08.17"]

1. e4 e6 2. d3 d5 3. Nd2 c5 4. Ngf3 Nf6 5. g3 Nc6 6. Bg2 e5 7. O-O d4 8. Nc4
Qc7 9. a4 Be6 10. b3 Bg4 11. h3 h5 12. hxg4 hxg4 13. Nh4 Rh5 14. f3 Rh8 15.
fxg4 O-O-O 16. g5 Na5 17. gxf6 Nxc4 18. bxc4 g6 19. Bg5 Rh5 20. Qg4+ Kb8 21.
Rfb1 Bd6 22. Rb2 Qc8 23. Qxc8+ Rxc8 24. Bd2 b6 25. a5 Bc7 26. axb6 axb6 27.
Rab1 Ka7 28. Rb5 Rb8 29. Nf3 Bd6 30. Ng5 Rxg5 31. Bxg5 Bc7 32. Bh3 Rd8 33. Bd2
Rh8 34. Bd7 Kb7 35. Rxc5 Rd8 36. Bc6+ Kc8 37. Rd5 Rd6 38. Rxd6 Bxd6 39. Rxb6
Kc7 40. Ba5 Bc5 41. Ra6+ Kc8 42. Ra8# 1-0

[Event "Summer Swiss"]
[Site "Edmonton CAN"]
[Date "2003.07.31"]
[Round "5"]
[White "Karmali, Hafiz"]
[Black "Hughey, Micah"]
[Result "1/2-1/2"]
[WhiteElo "2017"]
[BlackElo "2143"]
[PlyCount "28"]
[EventDate "2003.07.03"]
[EventType "swiss"]
[EventRounds "5"]
[EventCountry "CAN"]
[SourceDate "2003.08.17"]

1. d4 d5 2. e3 Nf6 3. Bd3 Nbd7 4. f4 c5 5. c3 Qc7 6. Nf3 g6 7. O-O Bg7 8. Ne5
O-O 9. Nd2 Nxe5 10. fxe5 Bg4 11. Qe1 Nd7 12. Qh4 Be6 13. Qxe7 Rae8 14. Qh4 f6
1/2-1/2

[Event "Summer Swiss"]
[Site "Edmonton CAN"]
[Date "2003.07.31"]
[Round "5"]
[White "Pua, Richard"]
[Black "Rekhson, Vladislav"]
[Result "0-1"]
[WhiteElo "1635"]
[BlackElo "1883"]
[PlyCount "56"]
[EventDate "2003.07.03"]
[EventType "swiss"]
[EventRounds "5"]
[EventCountry "CAN"]
[SourceDate "2003.08.17"]

1. d4 Nf6 2. c4 c5 3. d5 b5 4. f3 d6 5. e4 g6 6. b3 Bg7 7. Bb2 bxc4 8. Bxc4 O-O
9. Nc3 Ba6 10. Qd3 Qa5 11. Nge2 Nfd7 12. f4 Nb6 13. Bxa6 Nxa6 14. a3 c4 15. Qc2
cxb3 16. Qxb3 Rab8 17. O-O Qc5+ 18. Kh1 Nc4 19. Qa4 Nxb2 20. Qxa6 Bxc3 21. Nxc3
Qxc3 22. Rfc1 Qd4 23. Rc7 Nd3 24. Rf1 Rb1 25. Rxb1 Nf2+ 26. Kg1 Nh3+ 27. Kh1
Qg1+ 28. Rxg1 Nf2# 0-1

[Event "Summer Swiss"]
[Site "Edmonton CAN"]
[Date "2003.07.31"]
[Round "5"]
[White "Smith, Kevin"]
[Black "Wihnon, Jason"]
[Result "0-1"]
[WhiteElo "1621"]
[BlackElo "1824"]
[PlyCount "118"]
[EventDate "2003.07.03"]
[EventType "swiss"]
[EventRounds "5"]
[EventCountry "CAN"]
[SourceDate "2003.08.17"]

1. d4 Nf6 2. c4 g6 3. Nc3 d5 4. Nf3 Bg7 5. Bg5 Ne4 6. Nxe4 dxe4 7. Nd2 Qxd4 8.
Rb1 h6 9. Be3 Qe5 10. g3 Nc6 11. Bf4 Qa5 12. a3 e3 13. Bxe3 Bf5 14. b4 Qxa3 15.
Qb3 Qxb3 16. Rxb3 Bc2 17. Ra3 Nxb4 18. Bg2 Bb2 19. Bxb7 Bxa3 20. Bxa8 c6 21.
O-O Bf5 22. Ra1 Nc2 23. Bxc6+ Bd7 24. Bxd7+ Kxd7 25. Ra2 Nxe3 26. Rxa3 Nf5 27.
Rxa7+ Kc6 28. e4 Kb6 29. Rd7 Kc6 30. Rd3 Nd6 31. e5 Nb7 32. Ne4 Na5 33. Rc3 Rd8
34. c5 Nb7 35. f4 Rd4 36. Re3 Nxc5 37. Nxc5 Kxc5 38. Kf2 Kd5 39. Ke2 Ra4 40.
Kf3 Ra2 41. Rd3+ Ke6 42. h4 Rh2 43. Ke4 Re2+ 44. Kf3 Re1 45. Re3 Rxe3+ 46. Kxe3
Kf5 47. Kf3 h5 48. Kf2 Kg4 49. Kg2 f6 50. exf6 exf6 51. Kf2 Kh3 52. Kf3 f5 53.
Kf2 Kh2 54. Kf3 Kg1 55. Ke3 Kg2 56. Ke2 Kxg3 57. Ke3 Kxh4 58. Kf3 Kh3 59. Kf2
Kg4 0-1

[Event "Summer op"]
[Site "Winnipeg CAN"]
[Date "2003.07.25"]
[Round "1"]
[White "Baragar, Fletcher"]
[Black "Hogeveen Rutter, Alexander"]
[Result "1-0"]
[WhiteElo "2261"]
[BlackElo "1661"]
[PlyCount "49"]
[EventDate "2003.07.25"]
[EventType "swiss"]
[EventRounds "5"]
[EventCountry "CAN"]

1. d4 Nf6 2. c4 g6 3. Nc3 Bg7 4. e4 d6 5. Be2 O-O 6. Bg5 a6 7. Qd2 Nbd7 8. f3
c5 9. d5 Ne5 10. Bh6 Qa5 11. Bxg7 Kxg7 12. f4 Ned7 13. Nf3 Nb6 14. e5 Ng8 15.
O-O Qb4 16. b3 h5 17. Qb2 Nd7 18. exd6 exd6 19. Ne4+ Ndf6 20. Nxd6 Bd7 21. Ne5
Rad8 22. Bf3 Ba4 23. Ne4 Qb6 24. Nd3 Rc8 25. bxa4 1-0

[Event "Summer op"]
[Site "Winnipeg CAN"]
[Date "2003.07.25"]
[Round "1"]
[White "Gibbons, Lorne"]
[Black "Rutter, Blair"]
[Result "0-1"]
[WhiteElo "1304"]
[BlackElo "1730"]
[PlyCount "57"]
[EventDate "2003.07.25"]
[EventType "swiss"]
[EventRounds "5"]
[EventCountry "CAN"]

1. d4 d5 2. c4 c6 3. Nc3 Nf6 4. Bf4 Bg4 5. h3 Bh5 6. g4 Bg6 7. e3 e6 8. c5 Nbd7
9. Be2 h6 10. Bg3 Be7 11. f4 b6 12. b4 bxc5 13. dxc5 Qc7 14. Nf3 Be4 15. O-O
O-O 16. Qa4 Rac8 17. Ba6 Rcd8 18. Nd4 Nb8 19. Nce2 Nh7 20. Kh2 Rfe8 21. Nc1 Bf6
22. f5 Be5 23. Rg1 exf5 24. gxf5 h5 25. h4 Nf6 26. Be2 Bxg3+ 27. Rxg3 Re5 28.
Bd3 Bxd3 29. Nxd3 0-1

[Event "Summer op"]
[Site "Winnipeg CAN"]
[Date "2003.07.25"]
[Round "1"]
[White "Khedkar, Jay"]
[Black "Liebzeit, Mick"]
[Result "1-0"]
[WhiteElo "1952"]
[BlackElo "1039"]
[PlyCount "75"]
[EventDate "2003.07.25"]
[EventType "swiss"]
[EventRounds "5"]
[EventCountry "CAN"]

1. e4 c5 2. Nf3 d6 3. d4 cxd4 4. Nxd4 Nf6 5. Nc3 g6 6. Be3 Bg7 7. f3 O-O 8. Bc4
Nc6 9. Qd2 Bd7 10. O-O-O Na5 11. Be2 Rc8 12. Kb1 a6 13. g4 b5 14. h4 Nc4 15.
Bxc4 bxc4 16. h5 Qa5 17. hxg6 fxg6 18. Bh6 Bxh6 19. Qxh6 Rf7 20. Qd2 Rb8 21.
Nde2 Qa3 22. Qc1 Bc6 23. Ka1 Qc5 24. Nf4 Bd7 25. Nfd5 Nxd5 26. Nxd5 e6 27. Nf4
Qb4 28. c3 Qb5 29. Rxd6 Rxf4 30. Rxd7 Rxf3 31. Rdxh7 Rf2 32. g5 e5 33. R7h2 Rf4
34. Qd2 Rxe4 35. Rh8+ Kf7 36. Rxb8 Qxb8 37. Qd5+ Ke7 38. Rh7+ 1-0

[Event "Summer op"]
[Site "Winnipeg CAN"]
[Date "2003.07.25"]
[Round "1"]
[White "Vincent, Trevor"]
[Black "Gannon, Keith"]
[Result "1/2-1/2"]
[WhiteElo "2023"]
[BlackElo "1596"]
[PlyCount "90"]
[EventDate "2003.07.25"]
[EventType "swiss"]
[EventRounds "5"]
[EventCountry "CAN"]

1. c4 c5 2. g3 e5 3. Bg2 Nf6 4. Nc3 d6 5. a3 Be7 6. e3 a6 7. Nge2 Nc6 8. O-O
Bd7 9. b4 cxb4 10. axb4 Nxb4 11. Bxb7 Rb8 12. Bg2 O-O 13. d3 a5 14. f4 Nc6 15.
d4 Nb4 16. Nd5 Nfxd5 17. cxd5 f6 18. dxe5 fxe5 19. e4 Qb6+ 20. Kh1 Bb5 21. Rf3
Bxe2 22. Qxe2 Qb5 23. Qxb5 Rxb5 24. Bf1 Rc5 25. Be3 Rc3 26. Rxa5 Nc2 27. Ra7
Bd8 28. Rd7 Rxe3 29. Rxe3 Nxe3 30. Bh3 Nc4 31. Bf1 Nb6 32. Rxd6 g6 33. Kg2 exf4
34. gxf4 Bc7 35. Rc6 Bd8 36. Kf3 Nd7 37. Re6 Nf6 38. Bb5 Nh5 39. Re8 Rxe8 40.
Bxe8 Kf8 41. Bc6 Ng7 42. e5 Ke7 43. Ke4 Nf5 44. Bb5 Bc7 45. Be2 Bb8 1/2-1/2

[Event "Summer op"]
[Site "Winnipeg CAN"]
[Date "2003.07.25"]
[Round "1"]
[White "Zaczek, Jonathan"]
[Black "Lipnowski, Samuel"]
[Result "1/2-1/2"]
[WhiteElo "1642"]
[BlackElo "2135"]
[PlyCount "92"]
[EventDate "2003.07.25"]
[EventType "swiss"]
[EventRounds "5"]
[EventCountry "CAN"]

1. e4 c5 2. Nf3 e6 3. d4 cxd4 4. Nxd4 a6 5. Nc3 b5 6. Bd3 Qb6 7. Nf3 Bc5 8. O-O
Nf6 9. Qe1 Bb7 10. a4 b4 11. a5 Qc7 12. Na4 Ba7 13. Bd2 Nc6 14. Bxb4 Nxb4 15.
Qxb4 Rb8 16. Nb6 d6 17. Qc4 Bxb6 18. axb6 Qxb6 19. Qa4+ Bc6 20. Qxa6 Qxa6 21.
Rxa6 Bxe4 22. Bxe4 Nxe4 23. Re1 d5 24. Ne5 O-O 25. Nd7 Ra8 26. Rea1 Rxa6 27.
Rxa6 Rd8 28. Nb6 Kf8 29. f3 Nc5 30. Ra7 Rb8 31. Ra8 Rxa8 32. Nxa8 Ke7 33. Nc7
Na4 34. b3 Nc3 35. Na6 Kd6 36. Nb4 Kc5 37. Nd3+ Kd4 38. Kf2 e5 39. Nc1 e4 40.
Ne2+ Nxe2 41. Kxe2 f5 42. fxe4 fxe4 43. Kd2 Kc5 44. c3 g5 45. g4 Kd6 46. h3 Ke6
1/2-1/2

[Event "Summer op"]
[Site "Winnipeg CAN"]
[Date "2003.07.26"]
[Round "2"]
[White "Curtis, Rory"]
[Black "Vincent, Trevor"]
[Result "0-1"]
[WhiteElo "1639"]
[BlackElo "2023"]
[PlyCount "88"]
[EventDate "2003.07.25"]
[EventType "swiss"]
[EventRounds "5"]
[EventCountry "CAN"]

1. d4 Nf6 2. c4 e5 3. dxe5 Ng4 4. e4 Nxe5 5. f4 Nec6 6. Be3 Bb4+ 7. Nc3 Qe7 8.
Bd3 Bxc3+ 9. bxc3 Na6 10. Nf3 Nc5 11. Qc2 O-O 12. O-O Nxd3 13. Qxd3 d6 14. Rae1
f5 15. e5 dxe5 16. fxe5 Rd8 17. Bd4 Be6 18. Qe2 Na5 19. Nd2 c5 20. Be3 b6 21.
Bf4 Rd7 22. Rf3 Re8 23. Rg3 Kh8 24. Rf1 Qf7 25. Re1 Nxc4 26. Nxc4 Bxc4 27. Qf2
Bxa2 28. Rh3 Bd5 29. Qh4 g6 30. Bg5 Be4 31. Bf6+ Kg8 32. Qf4 a5 33. Rh6 a4 34.
h4 Qa2 35. Qg5 Qd2 36. Rxh7 Kxh7 37. Re3 Qd1+ 38. Kh2 Qh5 39. Qf4 Rd2 40. Rg3
Rxg2+ 41. Rxg2 Bxg2 42. Kxg2 Qg4+ 43. Qxg4 fxg4 44. Kg3 a3 0-1

[Event "Summer op"]
[Site "Winnipeg CAN"]
[Date "2003.07.26"]
[Round "2"]
[White "Gannon, Keith"]
[Black "Zaczek, Jonathan"]
[Result "0-1"]
[WhiteElo "1596"]
[BlackElo "1642"]
[PlyCount "122"]
[EventDate "2003.07.25"]
[EventType "swiss"]
[EventRounds "5"]
[EventCountry "CAN"]

1. e4 c5 2. d3 d6 3. Nf3 g6 4. Be3 Nf6 5. Be2 Bg7 6. Nc3 O-O 7. O-O b6 8. Qd2
Ng4 9. Nd1 Nxe3 10. Qxe3 Bb7 11. c3 Nc6 12. Qd2 f5 13. Re1 f4 14. d4 e5 15.
Bc4+ Kh8 16. dxe5 dxe5 17. Qxd8 Raxd8 18. Bd5 Na5 19. Bxb7 Nxb7 20. c4 Na5 21.
b3 Nc6 22. Nc3 Nd4 23. Rad1 Nxf3+ 24. gxf3 Rxd1 25. Rxd1 Bf6 26. Rd7 Ra8 27. a4
Rd8 28. Rxd8+ Bxd8 29. Nd5 Kg7 30. Kg2 Kf7 31. h3 Ke6 32. Nc3 Kd7 33. Nb5 a6
34. Nc3 Kc6 35. Kf1 b5 36. axb5+ axb5 37. Nxb5 Kb6 38. Nd6 Bh4 39. Nf7 Bf6 40.
Nh6 Ka5 41. Ng4 Bg7 42. Ke2 Kb4 43. Nh2 Kxb3 44. Kd3 Bf6 45. Ng4 Bg7 46. Nh2 h5
47. Nf1 Bf6 48. Nd2+ Kb2 49. Ke2 Kc2 50. Nf1 Bh4 51. Ke1 Kd3 52. Nd2 Bd8 53.
Kd1 Ba5 54. Nb3 Bb4 55. h4 Kxc4 56. Nc1 Ba3 57. Ne2 Kd3 58. Ng1 c4 59. Ne2 c3
60. Nc1+ Bxc1 61. Kxc1 c2 0-1